| 000 | 00944nam a2200217Ii 4500 | ||
|---|---|---|---|
| 003 | JO-AjNU | ||
| 008 | 230605s9999||||xx |||||||||||||| ||und|| | ||
| 017 | _a1995/3/269 | ||
| 040 |
_aJO-AjNU _bara _erda _cJO-AjNU |
||
| 041 | _aara | ||
| 050 | 1 | 4 | _aBP15.M67 1995 |
| 100 | 3 |
_aتحرير: ملكاوي، فتحي حسن ، محمد عبد الكريم أبو سل , _eauthor _952531 |
|
| 245 | 0 | 0 | _aكتاب مؤتمر علوم الشريعة في الجامعات: عمان16-19 ربيع الأول 1415هـ 23-26 /8/ 1995م وقائع المؤتمر وتوصياته وملخصات بحوثه |
| 250 | _aط1 | ||
| 264 | 3 | 1 | _aعمان: المعهد العالمي للفكر الاسلامي، 1995 |
| 300 |
_a287ص _bالملاحق ص261-287 |
||
| 336 |
_atext _btxt _2rdacontent |
||
| 337 |
_aunmediated _bn _2rdamedia |
||
| 338 |
_avolume _bnc _2rdacarrier |
||
| 650 | 4 |
_aالشريعة الاسلامية- دراسة وتعليم _952532 |
|
| 999 |
_aA23276 _c26844 _d26844 |
||